<?xml version="1.0" encoding="UTF-8"?>
<record
    xmlns:xsi="http://www.w3.org/2001/XMLSchema-instance"
    xsi:schemaLocation="http://www.loc.gov/MARC21/slim http://www.loc.gov/standards/marcxml/schema/MARC21slim.xsd"
    xmlns="http://www.loc.gov/MARC21/slim">

  <leader>00592nam a2200205 a 4500</leader>
  <controlfield tag="001">000028603</controlfield>
  <controlfield tag="003">DO-SdBNP</controlfield>
  <controlfield tag="005">20221020132747.0</controlfield>
  <controlfield tag="007">ta</controlfield>
  <controlfield tag="008">110411s2002    dr            000 0 spa d</controlfield>
  <datafield tag="040" ind1=" " ind2=" ">
    <subfield code="a">DO-SdBNP</subfield>
    <subfield code="b">spa</subfield>
    <subfield code="c">DO-SdBNP</subfield>
  </datafield>
  <datafield tag="049" ind1=" " ind2=" ">
    <subfield code="a">BNPD</subfield>
  </datafield>
  <datafield tag="082" ind1=" " ind2="4">
    <subfield code="b">R426c</subfield>
    <subfield code="2">22</subfield>
  </datafield>
  <datafield tag="110" ind1="1" ind2=" ">
    <subfield code="a">Colegio Dominicano de Periodistas</subfield>
    <subfield code="9">55558</subfield>
  </datafield>
  <datafield tag="245" ind1="1" ind2="0">
    <subfield code="a">C&#xF3;digo de &#xE9;tica del periodista dominicano y reglamento interno.</subfield>
  </datafield>
  <datafield tag="260" ind1=" " ind2=" ">
    <subfield code="a">Santo Domingo :</subfield>
    <subfield code="b">Colegio Dominicano de periodistas,</subfield>
    <subfield code="c">2002.</subfield>
  </datafield>
  <datafield tag="300" ind1=" " ind2=" ">
    <subfield code="a">24 p. ;</subfield>
    <subfield code="c">22 cm.</subfield>
  </datafield>
  <datafield tag="590" ind1=" " ind2=" ">
    <subfield code="a">Inventariado, 2020/VM</subfield>
  </datafield>
  <datafield tag="942" ind1=" " ind2=" ">
    <subfield code="2">ddc</subfield>
    <subfield code="c">LBS1</subfield>
  </datafield>
  <datafield tag="952" ind1=" " ind2=" ">
    <subfield code="0">0</subfield>
    <subfield code="1">0</subfield>
    <subfield code="2">ddc</subfield>
    <subfield code="5">1</subfield>
    <subfield code="7">0</subfield>
    <subfield code="8">PD</subfield>
    <subfield code="a">BNPHU</subfield>
    <subfield code="b">BNPHU</subfield>
    <subfield code="c">CT</subfield>
    <subfield code="d">2011-04-11</subfield>
    <subfield code="o">R426c</subfield>
    <subfield code="p">28603-10</subfield>
    <subfield code="r">2020-06-25</subfield>
    <subfield code="w">2020-06-25</subfield>
    <subfield code="y">LBS1</subfield>
  </datafield>
  <datafield tag="952" ind1=" " ind2=" ">
    <subfield code="0">0</subfield>
    <subfield code="1">0</subfield>
    <subfield code="2">ddc</subfield>
    <subfield code="5">1</subfield>
    <subfield code="7">0</subfield>
    <subfield code="8">PD</subfield>
    <subfield code="a">BNPHU</subfield>
    <subfield code="b">BNPHU</subfield>
    <subfield code="c">CT</subfield>
    <subfield code="d">2011-04-11</subfield>
    <subfield code="o">R426c</subfield>
    <subfield code="p">2020-0142</subfield>
    <subfield code="r">2020-10-09</subfield>
    <subfield code="t">e.2</subfield>
    <subfield code="w">2020-06-25</subfield>
    <subfield code="y">LBS1</subfield>
  </datafield>
  <datafield tag="952" ind1=" " ind2=" ">
    <subfield code="0">0</subfield>
    <subfield code="1">0</subfield>
    <subfield code="2">ddc</subfield>
    <subfield code="5">6</subfield>
    <subfield code="7">0</subfield>
    <subfield code="8">DS</subfield>
    <subfield code="a">BNPHU</subfield>
    <subfield code="b">BNPHU</subfield>
    <subfield code="c">CT</subfield>
    <subfield code="d">2011-04-11</subfield>
    <subfield code="e">Donaci&#xF3;n</subfield>
    <subfield code="o">R426c</subfield>
    <subfield code="p">2020-0143</subfield>
    <subfield code="r">2020-10-09</subfield>
    <subfield code="t">e.3</subfield>
    <subfield code="w">2020-06-25</subfield>
    <subfield code="y">LBS1</subfield>
  </datafield>
  <datafield tag="952" ind1=" " ind2=" ">
    <subfield code="0">0</subfield>
    <subfield code="1">0</subfield>
    <subfield code="2">ddc</subfield>
    <subfield code="5">6</subfield>
    <subfield code="7">0</subfield>
    <subfield code="8">DS</subfield>
    <subfield code="a">BNPHU</subfield>
    <subfield code="b">BNPHU</subfield>
    <subfield code="c">CT</subfield>
    <subfield code="d">2022-10-20</subfield>
    <subfield code="l">0</subfield>
    <subfield code="o">R426c</subfield>
    <subfield code="p">2022-4452</subfield>
    <subfield code="r">2022-10-20</subfield>
    <subfield code="t">e.4</subfield>
    <subfield code="w">2022-10-20</subfield>
    <subfield code="y">LBS1</subfield>
  </datafield>
  <datafield tag="999" ind1=" " ind2=" ">
    <subfield code="c">28095</subfield>
    <subfield code="d">28095</subfield>
  </datafield>
</record>
